Desorption of zinc (II) and copper (II) from palm oil fuel ash and activated carbon /
محفوظ في:
| المؤلف الرئيسي: | |
|---|---|
| التنسيق: | أطروحة كتاب |
| اللغة: | English |
| منشور في: |
1999.
|
| الموضوعات: | |
| الوصول للمادة أونلاين: | http://studentsrepo.um.edu.my/id/eprint/2305 |
| الوسوم: |
إضافة وسم
لا توجد وسوم, كن أول من يضع وسما على هذه التسجيلة!
|
| LEADER | 01384cam a2200337 a 4500 | ||
|---|---|---|---|
| 001 | u466320 | ||
| 003 | SIRSI | ||
| 008 | 980421s1999 my t 00 1 eng m | ||
| 035 | |a ACL-6330 | ||
| 040 | |a UMM | ||
| 043 | |a a-my--- | ||
| 090 | |a TD196 |b M4Cho | ||
| 091 | |a Microfiche 15139 | ||
| 100 | 1 | 0 | |a Chong, Meng Tuck. |
| 245 | 1 | 0 | |a Desorption of zinc (II) and copper (II) from palm oil fuel ash and activated carbon / |c by Chong Meng Tuck. |
| 260 | |c 1999. | ||
| 300 | |a xi, 64 leaves : |b ill. ; |c 30 cm. | ||
| 500 | |a Microfiche. Kuala Lumpur : University of Malaya Library, 2001. 1 fiche : negative ; 11 x 15 cm. | ||
| 502 | |a Dissertation (M.Tech. (Envir.Mgmt.)) -- Institut Pengajian Siswazah dan Penyelidikan, Universiti Malaya, 2000. | ||
| 504 | |a Bibliography: leaves 61-64. | ||
| 650 | 0 | |a Heavy metals |x Environmental aspects |z Malaysia. | |
| 650 | 0 | |a Zinc |x Absorption and adsorption. | |
| 650 | 0 | |a Copper |x Absorption and adsorption. | |
| 650 | 0 | |a Fly ash. | |
| 650 | 0 | |a Carbon, Activated. | |
| 710 | 2 | 0 | |a Universiti Malaya. |b Institut Pengajian Siswazah dan Penyelidikan. |
| 856 | 4 | 1 | |u http://studentsrepo.um.edu.my/id/eprint/2305 |
| 948 | |a 01/08/2000 |b 25/09/2003 | ||
| 596 | |a 1 | ||
| 999 | |a TD196 M4CHO |w LC |c 1 |i A509552701 |l B_KOM4 |m P01UTAMA |r Y |s Y |t TESIS |u 25/8/2000 |o .PUBLIC. BKOM 4 :43400 | ||
| 999 | |a TD196 M4CHO |w LC |c 2 |i A508765573 |l STACKS |m P01UTAMA |r Y |s Y |t TESIS |u 18/12/2000 | ||
